000
00238nam a2200097Ia 4500
001
1136292
005
20250827005204.0
008
250824s9999 xx 000 0 und d
245
0
_a
HZ. ALİ
_c
ORHAN YENİARAS
260
_b
PANAMA YAYINLARI
999
_c
1136292
_d
1136292